Spatial planning and infrastructure delivery (Record no. 110255)
[ view plain ]
| 000 -LEADER | |
|---|---|
| fixed length control field | 02637cad a22002655a 4500 |
| 001 - CONTROL NUMBER | |
| control field | E148835 |
| 008 - FIXED-LENGTH DATA ELEMENTS--GENERAL INFORMATION | |
| fixed length control field | 090806s2009 xxk f 000 0 eng d |
| 020 ## - INTERNATIONAL STANDARD BOOK NUMBER | |
| International Standard Book Number | 9781842195451 |
| 035 ## - SYSTEM CONTROL NUMBER | |
| System control number | (Sirsi) u148835 |
| 041 0# - LANGUAGE CODE | |
| Language code of text/sound track or separate title | eng |
| 050 04 - LIBRARY OF CONGRESS CALL NUMBER | |
| Classification number | 711.3 $2 18 |
| 110 2# - MAIN ENTRY--CORPORATE NAME | |
| Corporate name or jurisdiction name as entry element | Royal Institution of Chartered Surveyors |
| 9 (RLIN) | 4900 |
| 245 00 - TITLE STATEMENT | |
| Title | Spatial planning and infrastructure delivery |
| Remainder of title | RICS information paper |
| Medium | [electronic resource] |
| 260 ## - PUBLICATION, DISTRIBUTION, ETC. | |
| Place of publication, distribution, etc. | Coventry |
| Name of publisher, distributor, etc. | RICS |
| Date of publication, distribution, etc. | 2009 |
| 490 #0 - SERIES STATEMENT | |
| Series statement | RICS Information Paper |
| 505 2# - FORMATTED CONTENTS NOTE | |
| Formatted contents note | Introduction: what is the spatial planning system? -- What is different about spatial planning?: how do local authorities work now? -- Spatial planning as a delivery mechanism: how do spatial plans work with other plans?; Regional Spatial Strategies (RSSs) and housing; Area Action Plans (AAPs); how do AAPs deliver?; using public sector assets -- Spatial planning and regeneration: transport planning; how spatial planning relates to the HCA's single conversation process; new and existing infrastructure to support new housing; deliverability -- Developing a delivery strategy: how much public sector finding is available for investment at the local level? -- Who has the role of joining up the funding?: which public bodies are involved?; how are local infrastructure requirements assessed?; can I get any more detailed information?; how does this work in areas where there are counties and districts?; how does this work at sub-regional level?; are there any examples? -- Who is spatial planning important to? |
| 520 ## - SUMMARY, ETC. | |
| Summary, etc. | Offers guidance on the spatial planning system. Spatial planning has a central role in the planning and delivery of infrastructure. It is concerned with all investment and includes the private, public and community sectors. This extended role in infrastructure planning and delivery now sits within the whole governance structure at the local level, which is increasingly being joined up and coordinated. Spatial planning also extends to the use of all public sector assets and the location of services and facilities. It is concerned with all public sector mainstream budgets, as well as funding from agencies such as the Homes and Communities Agency, private investment and developers' contributions. |
| 520 ## - SUMMARY, ETC. | |
| Summary, etc. | OUT OF DATE ARCHIVED 23 DECEMBER 2016 |
| 521 ## - TARGET AUDIENCE NOTE | |
| Target audience note | Advanced |
| 590 ## - LOCAL NOTE (RLIN) | |
| Local note | KA |
| 651 #4 - SUBJECT ADDED ENTRY--GEOGRAPHIC NAME | |
| Geographic name | England and Wales |
| Chronological subdivision | 1543- |
| 690 ## - LOCAL SUBJECT ADDED ENTRY--TOPICAL TERM (OCLC, RLIN) | |
| Topical term or geographic name as entry element | Planning and development |
| 9 (RLIN) | 6259 |
| 856 40 - ELECTRONIC LOCATION AND ACCESS | |
| Uniform Resource Identifier | <a href="https://www.isurv.com/download/downloads/id/1711/archive_spatial_planning_and_infrastructure_delivery_1st_edition_november_2009.pdf">https://www.isurv.com/download/downloads/id/1711/archive_spatial_planning_and_infrastructure_delivery_1st_edition_november_2009.pdf</a> |
| Public note | archived on isurv (subscription required) |
| 942 ## - ADDED ENTRY ELEMENTS (KOHA) | |
| Suppress in OPAC | 0 |
| Source of classification or shelving scheme | Dewey Decimal Classification |
| Withdrawn status | Lost status | Source of classification or shelving scheme | Damaged status | Not for loan | Home library | Current library | Shelving location | Date acquired | Total Checkouts | Full call number | Date last seen | Copy number | Price effective from | Koha item type |
|---|---|---|---|---|---|---|---|---|---|---|---|---|---|---|
| Dewey Decimal Classification | Archives | Archives | RICS Boxes | 08/11/2023 | RICS 2009/62 | 08/11/2023 | 08/11/2023 | Reference material | ||||||
| Dewey Decimal Classification | Virtual | Virtual | Online | 12/11/2009 | isurv | 08/11/2023 | 1 | 06/08/2019 | Reference material |